The mystery of Christ : the liturgy as spiritual experience / Thomas Keating

Guardado en:
書目詳細資料
主要作者: Keating, Thomas (autor)
格式: 圖書
叢編:Religion/Christianity
主題:
標簽: 添加標簽
沒有標簽, 成為第一個標記此記錄!

MARC

LEADER 00000nam^a2200000^u^4500
001 000552647
005 20250521000000.0
008 060220s1000^^^^^^^^^^^^r^^^^^000^0^spa^d
009 20260310131621.493
022 |a 185230250X 
035 |a FMI 000022439 
037 |a Acervo Xavier Clavigero 
096 |a 4.2/93/B 
100 |a Keating, Thomas  |e (autor) 
245 1 4 |a The mystery of Christ : the liturgy as spiritual experience / Thomas Keating 
264 |a Rockport, Mass. : Element, 1992 
300 |a 129 p. 
336 |a texto  |b txt  |2 rdacontenido 
337 |a sin mediación  |b n  |2 rdamedio 
338 |a volumen  |b nc  |2 rdasoporte 
440 0 |a Religion/Christianity 
649 |a XX 
650 |a Espiritualidad Moderna 
910 |a Fondo Francisco Migoya Covarrubias S.J. 
920 |a Impresos - Libros 
930 |a Fondos Especiales 
905 |a 134 
901 |a SBC29892  |b IT2  |c ESP  |u 20250521 
902 |a https://opac.biblio.iteso.mx/vufind/Record/000552647